Science Quiz

Random Science or Math Quiz

4 Minute Math: Roman Style Quiz Stats

 Plays Quiz Updated Mar 8, 2012

Challenge
Share
Tweet
Embed
Score 0/30 Timer 04:00
0 Plays Today
Equation Answer % Correct
I+V+XXVI
94.2%
XX-IIIXVII
91.1%
L*IIC
87.5%
I+I+I+I+I+IVI
87.1%
XL/IVX
85.6%
C+(V*II)CX
84.8%
C/XXV
82.9%
VI*IIXII
81.8%
I+(V*X)LI
76.6%
L-XVXXXV
76.1%
M/DII
75.8%
LXXXVIII/XIVIII
75.8%
IX^IILXXXI
70.6%
IV^IIILXIV
66.2%
LI/XVIIIII
61.9%
Equation Answer % Correct
DC/CLIV
57.2%
XXI+XIXXL
52.9%
XLIX/VIIVII
50.9%
XVI*IIIXLVIII
50.4%
VI+IIIIX
44.5%
XXII-VXVII
42.4%
LV/XIV
37.1%
XII*IIIXXXVI
32.2%
MDCLXVI+CCCXXXIVMM
30.2%
DI/CLXVIIIII
26.6%
CM/VICL
26%
IX*IIIXXVII
24.1%
CXI/IIIXXXVII
20.4%
XI+XII+VIIIXXXI
20%
LXIV^(II/IV)VIII
14.1%

You're not logged in!

Compare scores with friends on all Sporcle quizzes.
Join for Free
OR
Log In

You Might Also Like...

Show Comments

Extras

Top Quizzes Today


Score Distribution

Your Account Isn't Verified!

In order to create a playlist on Sporcle, you need to verify the email address you used during registration. Go to your Sporcle Settings to finish the process.

Report this User

Report this user for behavior that violates our Community Guidelines.

Details: